Studies on the rheological and mechanical properties of compatible PP/CPE blends (Record no. 69732)

MARC details
000 -LEADER
fixed length control field 00449nam a2200157Ia 4500
100 ## - MAIN ENTRY--AUTHOR NAME
Personal name Ashalatha P V
245 #0 - TITLE STATEMENT
Title Studies on the rheological and mechanical properties of compatible PP/CPE blends
260 ## - PUBLICATION, DISTRIBUTION, ETC. (IMPRINT)
Name of publisher Journal of Elastomers and Plastics
Year of publication 1996
300 ## - PHYSICAL DESCRIPTION
Number of Pages 223-235
650 ## - SUBJECT ADDED ENTRY--TOPICAL TERM
Topical Term P/CPE blends
650 ## - SUBJECT ADDED ENTRY--TOPICAL TERM
Topical Term Rheology
700 ## - ADDED ENTRY--PERSONAL NAME
Personal name George K E
700 ## - ADDED ENTRY--PERSONAL NAME
Personal name Joseph Francis D
942 ## - ADDED ENTRY ELEMENTS (KOHA)
Koha item type Journals
Holdings
Withdrawn status Lost status Damaged status Not for loan Home library Current library Shelving location Date acquired Serial Enumeration / chronology Koha item type
      Journals RRII Library RRII Library Rubber chemistry 17/12/2021 Volume 28, Issue 3 Journals